Statistiques concernant Paroles: Le lundi au soleil

Cliquez ici pour prendre le quiz!

Statistiques générales

  • Ce quiz a été pris 186 fois
  • Le résultat moyen est 174 sur 245

Statistiques - réponses

Paroles% Correct
à
99%
le
99%
Le
99%
lundi
99%
soleil
99%
au
98%
ces
96%
C'est
96%
c'est
96%
Un
94%
jamais
93%
qu'on
93%
une
93%
pareil
92%
chaque
91%
Chaque
91%
chose
91%
fois
91%
es
90%
Les
90%
les
90%
de
89%
est
88%
la
88%
que
87%
on
85%
On
85%
beau
84%
ciel
84%
quand
84%
Quand
84%
derrière
80%
se
79%
Il
78%
tu
77%
Tu
77%
te
76%
travaille
73%
Pour
72%
carreaux
70%
dans
70%
jour
70%
mon
69%
ta
69%
ne
68%
des
67%
n'aura
66%
faire
65%
nous
65%
déjà
63%
heures
63%
journée
62%
huit
60%
sur
60%
idéale
59%
Je
59%
plus
59%
t'en
58%
forêt
57%
gens
57%
montre
56%
Regarde
56%
routes
56%
milliers
55%
tendrement
55%
coucher
54%
coeur
53%
d'aller
53%
doit
53%
Embrassons
53%
passer
53%
Qu'il
53%
vas
53%
Parmi
52%
s'aimer
51%
normal
50%
Seul
50%
marcher
49%
me
48%
rien
47%
taxi
47%
trouverait
47%
Et
46%
genêts
45%
mieux
44%
Ou
44%
pourrait
44%
t'emporte
44%
cueillir
41%
raisin
41%
comme
39%
simplement
39%
foins
38%
l'odeur
38%
Toi
38%
aimerait
37%
serait
36%
tous
36%
J'ai
33%
ton
33%
sont
31%
amour
30%
beaux
30%
cette
30%
nuit
30%
bout
27%
l'autre
27%
besoin
26%
foule
25%
loin
25%
dernières
24%
magasins
24%
ville
24%
vois
24%
difficiles
22%
souris
22%
allumés
21%
Là-bas
21%
néons
21%
puis
21%

Distribution des résultats

Percentile par nombre de réponses

% des personnes avec chaque résultat

Votre développement - résultats

Vous n’avez pas pris ce quiz